00631nam a2200157Ia 450000500170000000800410001708200230005810000180008124500330009926000450013230000120017750001640018994200060035395200990035999900150045820250310031854.0240331s9999 xx 000 0 und d bYOG23120a894.811 aYoganathan, C 0aNettirunthom Antha Veedinile aChennai,bSatyabarathi Pathippagamc1993 a512 p., aA part of the novel series "Asuravithu", which artistically records the life, culture, contradictions and struggles of the Eelam people against foreign rulers. cL 001040708LaWERCLbWERCLcSSCd2024-03-31l0o 894.811 YOGp3120r2024-03-31w2024-03-31yL c4255d4255